000 00451nam a2200181Ia 4500
001 3395
005 20260306145640.0
008 260306t2001||||xx |||||||||||||| ||spa||
041 _aESP
082 _a272
_bL24
100 _aLaporte, Jean
_eAUT
245 0 _aLos padres de la iglesia:
_bpadres griegos y latinos en sus textos
260 _c2001
300 _a775 páginas :
_c25 cm.
650 _aGEN
654 _aCHU
942 _cLIB
_dJUS
_fJUS
_2ddc
_n
999 _c3395
_d3395